Vincitori Gold Cup - Statistics

Statistiche generali
  • Questo quiz è stato fatto 12 volte
  • Il punteggio medio è 6 su 7
Statistiche sulle risposte
Numero vittorie Edizioni vincenti Nazionale % Corretto
2 1985 - 2000 Canada
100%
13 1965 - 1971 - 1977 - 1993 - 1996 - 2003 - 2009 - 2011 - 2015 - 2019 - 2023 Messico
100%
7 1991 - 2002 - 2005 - 2007 - 2013 - 2017 - 2021 Stati Uniti
100%
1 1981 Honduras
90%
3 1963 - 1969 - 1989 Costa Rica
70%
1 1973 Haiti
70%
1 1967 Guatemala
50%
Nessun quiz corrispondente trovato
Distribuzione punteggi
Percentuale di utenti per punteggio
Percentile per numero di risposta
I tuoi punteggi nel tempo
Non hai fatto questo quiz